Guess the 1970s song lyrics #83 - Statistics

General Stats
  • This quiz has been taken 28 times
  • The average score is 198 of 299
Answer Stats
Answer % Correct
a
100%
the
100%
The
100%
And
96%
and
96%
he
96%
He
96%
in
96%
she
96%
She
96%
do
91%
Her
91%
her
91%
to
91%
His
87%
his
87%
love
87%
there
87%
There
87%
At
83%
They
83%
they
83%
was
83%
Who
83%
who
83%
for
78%
that
78%
had
74%
is
74%
of
74%
wear
74%
when
74%
When
74%
But
70%
but
70%
down
70%
name
70%
were
70%
be
65%
Copa
65%
from
65%
hair
65%
Lola
65%
too
65%
always
61%
Always
61%
could
61%
don't
61%
Don't
61%
dress
61%
fell
61%
it's
61%
just
61%
saw
61%
show
61%
so
61%
then
61%
With
61%
cha
57%
Copacabana
57%
have
57%
showgirl
57%
ask
52%
bar
52%
fall
52%
more
52%
not
52%
other
52%
she's
52%
dancing
48%
Havana
48%
hottest
48%
north
48%
Now
48%
over
48%
Rico
48%
shot
48%
spot
48%
two
48%
would
48%
cut
43%
each
43%
far
43%
feathers
43%
tried
43%
went
43%
chair
39%
fashion
39%
floor
39%
Music
39%
passion
39%
star
39%
Tony
39%
wore
39%
years
39%
young
39%
Across
35%
across
35%
ago
35%
bit
35%
called
35%
eight
35%
flew
35%
four
35%
punches
35%
tended
35%
til
35%
diamond
30%
finished
30%
lost
30%
merengue
30%
mind
30%
Still
30%
used
30%
worked
30%
yellow
30%
blood
26%
crowded
26%
disco
26%
escorted
26%
gunshot
26%
half
26%
single
26%
while
26%
blind
22%
chairs
22%
drinks
22%
Faded
22%
herself
22%
sailed
22%
sits
22%
smashed
22%
thirty
22%
youth
22%
refined
13%
No matching quizzes found
Score Distribution
Percent of People with Each Score
Percentile by Number Answered
Your Score History
You have not taken this quiz